<?xml version="1.0" encoding="UTF-8"?>
<record
    xmlns:xsi="http://www.w3.org/2001/XMLSchema-instance"
    xsi:schemaLocation="http://www.loc.gov/MARC21/slim http://www.loc.gov/standards/marcxml/schema/MARC21slim.xsd"
    xmlns="http://www.loc.gov/MARC21/slim">

  <leader>00357    a2200133   4500</leader>
  <datafield tag="999" ind1=" " ind2=" ">
    <subfield code="c">329755</subfield>
    <subfield code="d">329755</subfield>
  </datafield>
  <controlfield tag="001">89949</controlfield>
  <controlfield tag="003">NUST</controlfield>
  <controlfield tag="005">20170621133014.0</controlfield>
  <controlfield tag="008">170519b        xxu||||| |||| 00| 0 eng d</controlfield>
  <datafield tag="040" ind1=" " ind2=" ">
    <subfield code="c">NUST</subfield>
  </datafield>
  <datafield tag="082" ind1=" " ind2=" ">
    <subfield code="a">891.4393 </subfield>
    <subfield code="b">SIN</subfield>
  </datafield>
  <datafield tag="100" ind1=" " ind2=" ">
    <subfield code="a">Khushwant Singh</subfield>
    <subfield code="9">1205</subfield>
  </datafield>
  <datafield tag="245" ind1=" " ind2=" ">
    <subfield code="a">Khushwant Singh Kay Bemisaal Afsanay</subfield>
    <subfield code="c">Khushwant Singh</subfield>
    <subfield code="h">Urdu</subfield>
  </datafield>
  <datafield tag="260" ind1=" " ind2=" ">
    <subfield code="a">Lahore</subfield>
    <subfield code="b">Alhamd Publications</subfield>
    <subfield code="c">2008</subfield>
  </datafield>
  <datafield tag="300" ind1=" " ind2=" ">
    <subfield code="a">303p.</subfield>
  </datafield>
  <datafield tag="500" ind1=" " ind2=" ">
    <subfield code="a">General Books</subfield>
  </datafield>
  <datafield tag="546" ind1=" " ind2=" ">
    <subfield code="a">In urdu</subfield>
  </datafield>
  <datafield tag="650" ind1=" " ind2=" ">
    <subfield code="a">Urdu Literature</subfield>
    <subfield code="9">347</subfield>
  </datafield>
  <datafield tag="880" ind1=" " ind2=" ">
    <subfield code="a">&#x62E;&#x634;&#x648;&#x646;&#x62A; &#x633;&#x646;&#x6AF;&#x6BE; &#x6A9;&#x6D2; &#x628;&#x6D2; &#x645;&#x62B;&#x627;&#x644; &#x627;&#x641;&#x633;&#x627;&#x646;&#x6D2;</subfield>
    <subfield code="6">245-02\(3\r</subfield>
    <subfield code="c">&#x62E;&#x634;&#x648;&#x646;&#x62A; &#x633;&#x646;&#x6AF;&#x6BE;&#x60C; &#x62A;&#x631;&#x62A;&#x6CC;&#x628; &#x648; &#x627;&#x646;&#x62A;&#x62E;&#x627;&#x628;: &#x637;&#x627;&#x6C1;&#x631; &#x645;&#x646;&#x635;&#x648;&#x631; &#x641;&#x627;&#x631;&#x648;&#x642;&#x6CC;</subfield>
  </datafield>
  <datafield tag="880" ind1=" " ind2=" ">
    <subfield code="a">&#x62E;&#x634;&#x648;&#x646;&#x62A; &#x633;&#x646;&#x6AF;&#x6BE;</subfield>
    <subfield code="6">100-01\(3\r</subfield>
  </datafield>
  <datafield tag="880" ind1=" " ind2=" ">
    <subfield code="a">&#x644;&#x627;&#x6C1;&#x648;&#x631;:</subfield>
    <subfield code="6">260-03\(3\r</subfield>
    <subfield code="b">&#x627;&#x644;&#x62D;&#x645;&#x62F; &#x67E;&#x628;&#x644;&#x6CC; &#x6A9;&#x6CC;&#x634;&#x646;&#x632;&#x60C;</subfield>
    <subfield code="c">2008</subfield>
  </datafield>
  <datafield tag="942" ind1=" " ind2=" ">
    <subfield code="c">BK</subfield>
    <subfield code="2">ddc</subfield>
  </datafield>
  <datafield tag="952" ind1=" " ind2=" ">
    <subfield code="0">0</subfield>
    <subfield code="1">0</subfield>
    <subfield code="2">ddc</subfield>
    <subfield code="4">0</subfield>
    <subfield code="7">0</subfield>
    <subfield code="a">CL</subfield>
    <subfield code="b">CL</subfield>
    <subfield code="c">FIC</subfield>
    <subfield code="d">2017-05-19</subfield>
    <subfield code="l">1</subfield>
    <subfield code="o">891.4393  SIN</subfield>
    <subfield code="p">CL1816</subfield>
    <subfield code="r">2024-05-28</subfield>
    <subfield code="s">2024-04-24</subfield>
    <subfield code="t">1</subfield>
    <subfield code="w">2017-05-19</subfield>
    <subfield code="y">BK</subfield>
  </datafield>
</record>
